Tamil̲ varalār̲u. (Record no. 84834)

MARC details
000 -LEADER
fixed length control field 00666cam a22002531 4500
001 - CONTROL NUMBER
control field sa 68012951
003 - CONTROL NUMBER IDENTIFIER
control field DLC
005 - DATE AND TIME OF LATEST TRANSACTION
control field 20260227112617.0
008 - FIXED-LENGTH DATA ELEMENTS--GENERAL INFORMATION
fixed length control field 891025s1967 ii b 000 0 tamo
010 ## - LIBRARY OF CONGRESS CONTROL NUMBER
LC control number sa 68012951
035 ## - SYSTEM CONTROL NUMBER
System control number (OCoLC)20549533
040 ## - CATALOGING SOURCE
Original cataloging agency DLC
Transcribing agency WaU
Modifying agency DLC
042 ## - AUTHENTICATION CODE
Authentication code premarc
043 ## - GEOGRAPHIC AREA CODE
Geographic area code a-ii---
050 00 - LIBRARY OF CONGRESS CALL NUMBER
Classification number PL4751
Item number .D425
100 1# - MAIN ENTRY--PERSONAL NAME
Personal name Tēvanēyan̲, Ñā.
Fuller form of name (Ñānamuttan̲),
Dates associated with a name 1902-1981.
245 10 - TITLE STATEMENT
Title Tamil̲ varalār̲u.
250 ## - EDITION STATEMENT
Edition statement [1st ed.]
260 ## - PUBLICATION, DISTRIBUTION, ETC.
Date of publication, distribution, etc. 1967.
300 ## - PHYSICAL DESCRIPTION
Extent xxiii, 319 p.
Dimensions 22 cm.
500 ## - GENERAL NOTE
General note In Tamil.
504 ## - BIBLIOGRAPHY, ETC. NOTE
Bibliography, etc. note Bibliography : p. [xxi]-xxiii.
650 #0 - SUBJECT ADDED ENTRY--TOPICAL TERM
Topical term or geographic name entry element Tamil language
General subdivision History and criticism.

No items available.

Powered by Koha